| 000 | 00634nam a22001937a 4500 | ||
|---|---|---|---|
| 999 |
_c7381 _d7381 |
||
| 005 | 20260515062531.0 | ||
| 008 | 211021b ||||| |||| 00| 0 eng d | ||
| 020 | _a9788418928062 | ||
| 040 | _aCDMR | ||
| 100 |
_aAlías, Manel _94680 |
||
| 245 |
_aRússia, l'escenari més gran del món _c/ Manel Alías |
||
| 260 |
_aBarcelona _b: Ara Llibres _c, 2021 |
||
| 300 |
_a457 pàgines _c; 22 cm |
||
| 490 |
_aPausa _v; 10 |
||
| 650 | 0 |
_9797 _aReportatges literaris _zRússia (Federació) |
|
| 650 | 0 |
_94230 _aRússia (Federació) _xDescripcions i viatges |
|
| 650 | 0 |
_92802 _aCorresponsals estrangers _zRússia (Federació) |
|
| 942 |
_2udc _cMON |
||